| 000 | 01121cam a22001934a 4500 | ||
|---|---|---|---|
| 005 | 20250605163944.0 | ||
| 008 | 250528s ||||||||||||||||||||||||d | ||
| 035 | _a15167 | ||
| 020 | _a273634100 | ||
| 040 |
_aGR-AtMCL _bgre _dGR-AtMCL _eAACR2 |
||
| 245 | 1 | _aBusiness Information Technology | |
| 260 |
_bFinancial Times - Prentice Hall, _c1998 |
||
| 300 | _a326 | ||
| 520 | _aThis book is a compilation of the entire range of user and business facilities offered by modern computer systems and PCs, software systems, networks, databases and information systems. Preface, Acknowledgements, Business Computing Technology, Large-Scale Computer Systems, Personal Computer Technology, Operating Systems, Computer Networks, Wide Area Networks and Communications, Multimedia, Computer Security, Software: Development and Applications, Databases, Information Systems: An Overview, Information Systems: Analysis and Design, Emerging Technologies, Advancing Trends in Business Technology, Consultation Scenarios, Bibliography, Index. | ||
| 700 | 1 |
_aCleary Timothy _91027 |
|
| 942 | _cBK | ||
| 999 |
_c761 _d761 |
||